Statistics for Good ol' Childhood

Click here to take the quiz!

General Stats

  • This quiz has been taken 29 times
  • The average score is 4 of 14

Answer Stats

HintAnswer% Correct
Yellow bearWinnie-the-Pooh
96%
His pink friendPiglet
83%
Wile E. Coyote's enemyRoad Runner
61%
The donkeyEeyore
43%
Gastly duckDaffy Cornelius Duck
26%
The Fastest Mouse in all MexicoSpeedy Gonzales
26%
Girl living in Plaza HotelEloise
22%
First feat. in "The Sorcerer's Apprentice"Mickey Mouse
17%
Not to be confused with *Asterix
9%
His dogIdefix
9%
I'm a poor, lonesome...Lucky Luke
9%
Carries bouldersObelix
9%
Bird with shell as hatCalimero
4%
His horseJolly Jumper
4%

Score Distribution

Percentile by Number Answered

Percent of People with Each Score

Your Score History

You have not taken this quiz